Sports Quiz

Random Sports or Basketball Quiz

American Athletic Quiz Stats

 Plays Quiz Updated Feb 16, 2018

Score 0/24 Timer 05:00
1 Play Today
% Correct
Connecticut
73.3%
Cincinnati
65.1%
Central Florida
65%
South Florida
64.3%
Memphis
63.6%
Huskies
62.9%
Houston
61.6%
Tigers
61.4%
Tulane
59.4%
Southern Methodist
59.4%
Temple
58.9%
Tulsa
58.5%
% Correct
Bearcats
57.3%
Bulls
56.5%
Knights
53.8%
East Carolina
53.7%
Owls
52.8%
Cougars
52.2%
Mustangs
51%
Green Wave
50.9%
Pirates
49.9%
Wichita State
49.4%
Shockers
44.2%
Golden Hurricane
44%

You're not logged in!

Compare scores with friends on all Sporcle quizzes.
OR
Log In

Sporcle TV

Today on Sporcle TV


Watch our educational content, quiz creation guides, and fun videos on Sporcle TV.

Show Comments

Extras

Top Quizzes Today


Score Distribution

Your Account Isn't Verified!

In order to create a playlist on Sporcle, you need to verify the email address you used during registration. Go to your Sporcle Settings to finish the process.

Report this User

Report this user for behavior that violates our Community Guidelines.

Details: